000 00452pab a2200169 454500
008 180718b2001 xxu||||| |||| 00| 0 eng d
100 _aNarain, Aditya
245 _aBank supervisory arrangements: international evidence and Indian perspective
260 _c2001
300 _ap.3543-553
362 _a15 Sep
650 _aBanks - India
650 _aBanks
700 _aGhosh, Saibal
773 _aEconomic and Political Weekly
909 _a49982
999 _c49982
_d49982